000 01997cam a22004817a 4500
003 CHAP
005 20220329134742.0
008 971013s1989 r 10010 d
010 _a25277
011 _a26249
035 _a30349
040 _cCHAP
082 _a631.063
_bI5 1989
111 0 0 _aInternational Congress on Agricultural Engineering (
_d11
_d: 1989
_c: Dublin, Ireland)
_959659
245 0 _aAgricultural engineering
260 _aRotterdam :
_bA. A. Balkema,
_c1989
300 _a4 v.
_b: ilus. ; gráfs.
505 _aContenido : v.1 Land and water use -- v.2 Agricultural buildings -- v.3 Agricultural mechanisation -- v.4 Power, processing and systems
590 _aBATCH-UPD
_b10
_c20130110
_lUCH01
_h0249
590 _aBATCH-UPD
_b10
_c20130110
_lUCH01
_h1108
590 _aBATCH-UPD
_b10
_c20130409
_lUCH01
_h2320
590 _aBATCH-UPD
_b10
_c20130410
_lUCH01
_h1317
590 _aBATCH-UPD
_b10
_c20130914
_lUCH01
_h1037
590 _aBATCH-UPD
_b10
_c20141001
_lUCH01
_h1311
590 _aCONVERSION
_b10
_c20130109
_lUCH01
_h1315
650 1 4 _aAgua
_xUtilización.
_92401
650 1 4 _aConstrucciones rurales.
_927378
650 1 4 _aDrenaje.
_934190
650 1 4 _aIngeniería agrícola.
_958196
650 1 4 _aIngeniería agrícola
_xCongresos.
_958198
650 1 4 _aIrrigación.
_960366
650 1 4 _aMaquinaria agrícola.
_971151
650 1 4 _aMecanización agrícola.
_973801
650 1 4 _aTierras
_xUtilización.
_9113219
700 0 _aDodd, Vincent A.
_eed.
_933303
700 0 _aGrace, Patrick M.
_eed.
_950161
901 _aBK
942 _cLIBRO
949 _a631.063 I5 1989
_bBC
_cLIBRO
_d33724000001590
_eLIBRO
_fv.4
_gI.173768
_h87697
_i30349
_si
_t1214.24
949 _a631.063 I5 1989
_bBC
_cLIBRO
_d33724000001608
_eLIBRO
_fv.3
_gI.173768
_h87696
_i30349
_si
_t1214.24
949 _a631.063 I5 1989
_bBC
_cLIBRO
_d33724000001616
_eLIBRO
_fv.2
_gI.173768
_h87695
_i30349
_si
_t1214.24
949 _a631.063 I5 1989
_bBC
_cLIBRO
_d33724000001624
_eLIBRO
_fv.1
_gI.173768
_h87694
_i30349
_si
_t1214.24
999 _c25277
_d25277